000
00269pam a2200121 a 4500
020
_c
041
_h
100
_a
Ranjit Hoskate .
245
_a
Mr. Atul Dodiya
_h
Textual Documents
260
_a
[s.l]:
_b
Vadhera Art Gallery
300
_a
465:
_b
Hard.
930
_a
7052
999
_c
240842
_d
240842